000 01129nam a2200217Ia 4500
999 _c38403
_d38403
001 4414
003 GE_BSU
005 20190517152506.0
008 181216s1981||||ge |||||||||||||| ||geo||
040 _cGE_BSU
041 _ageo
080 _a534(075.8) ხ–48
100 _aხვინგია, მ.
_91303
245 _aმექანიკური რხევების გამოყენებითი თეორიის საფუძვლები და მანქანათა დინამიკა : სახელმძღ. /
_cმ . ხვინგია ; რედ : ლ. მაღულარია.
264 _aთბილისი
_bგანათლება,
_c1981.
300 _a455 გვ :.
_bილ ;
_c20 სმ.
653 _aმექანიკური რხევების გამოყენებითი თეორიის საფუძვლები და მანქანათა დინამიკა
653 _aფიზიკა
700 _aმაღულარია, ლ
_eრედაქტორი
_91304
942 _cBK
_2udc